| 000 | 00839nam a2200265Ia 4500 | ||
|---|---|---|---|
| 005 | 20260121171244.0 | ||
| 008 | 008 260114s9999 xx 000 0 eng d | ||
| 020 | _a9783030239909 | ||
| 037 | _aEBOOK | ||
| 040 | _aCRL | ||
| 040 | _beng | ||
| 040 | _cCRL | ||
| 041 | _2eng | ||
| 041 | _aeng | ||
| 084 | _qCRL | ||
| 100 |
_aRosella Gennari, Pierpaolo Vittorini, Fernando De la Prieta, Tania Di Mascio, Marco Temperini, Ricardo Azambuja Silveira, Demetrio Arturo Ovalle Carranza _91073972 |
||
| 245 | 0 | _aMethodologies and Intelligent Systems for Technology Enhanced Learning, 9th International Conference | |
| 260 | _bSpringer | ||
| 260 | _bSpringer | ||
| 260 | _c2020 | ||
| 856 | _uhttps://link.springer.com/openurl?genre=book&isbn=978-3-030-23990-9 | ||
| 942 | _cEBOOK | ||
| 999 |
_c1639702 _d1639702 |
||